000 00493nam a22001577a 4500
008 170807b xxu||||| |||| 00| p tur d
041 _atur
100 _9376
_aFikret Demirağ
245 _aGünümüz Kıbrıslı Türk Şiirinden 20 Şair
_cFikret Demirağ; Editör: Bülent Usta
260 _aİstanbul
_bKomşu Yayınları
_cEylül 2008
300 _a139 sayfa
500 _aYASAKMEYVE DERGİSİ EKİ-9
650 0 _9145
_aTürk Edebiyatı
700 _aUsta, Bülent
_9665
942 _2lcc
_cBK
999 _c1008
_d986